000 00448nam a2200181Ia 4500
001 7917
005 20260306160531.0
008 260306t2014||||xx |||||||||||||| ||spa||
041 _aESP
082 _a363.7392
_bA66P 2014
100 _aAragón Revuelta, Pilar
_eAUT
245 0 _aPrácticas de contaminación atmosférica
260 _c2014
300 _a126 páginas :
_c24 cm.
650 _aGEN
654 _aCIA
942 _cLIB
_dJUS
_fJUS
_2ddc
_n
999 _c7917
_d7917